Statistics for Happy Days Characters

Click here to take the quiz!

General Stats

  • This quiz has been taken 485 times
  • The average score is 6 of 7

Answer Stats

HintAnswer% Correct
Leather Jacket, Loves his bike, coolest person aliveArthur Fonzerrelli
100%
Red Hair and Freckles, the main characterRichie Cunningham
92%
Little sister, best friend is Jenny PiccoloJoanie Cunningham
84%
The comic relief, red hairRalph Malph
84%
A little slow, with an odd first namePotsie Webber
74%
The father, gives good, fatherly adviceHoward Cunningham
71%
The mother, always looking out for othersMarion Cunningham
71%

Score Distribution

Percentile by Number Answered

Percent of People with Each Score

Your Score History

You have not taken this quiz